[Event "Amsterdam Science Park op-A"]
[Site "Amsterdam"]
[Date "2014.07.07"]
[Round "3"]
[White "Schipper, Paul"]
[Black "Van der Lende, Ilias"]
[Result "0-1"]
[WhiteElo "2115"]
[BlackElo "2215"]
[PlyCount "96"]
[EventDate "2014.07.05"]
[EventType "swiss"]
[EventRounds "9"]
[EventCountry "NED"]
[SourceTitle "CBM 161 Extra"]
[Source "ChessBase"]
[SourceDate "2014.08.29"]
[SourceVersion "1"]
[SourceVersionDate "2014.08.29"]
[SourceQuality "1"]

1. c4 e6 2. g3 d5 3. Bg2 Nf6 4. Nf3 Be7 5. 0-0 0-0 6. b3 c5 7. Bb2 Nc6 8. e3 dxc4 9. bxc4 Qb6 10. Qb3 Na5 11. Qxb6 axb6 12. d3 Rd8 13. Ne5 Ne8 14. d4 f6 15. Nf3 Nxc4 16. Bc3 Bd7 17. Nbd2 Nxd2 18. Nxd2 Bc6 19. Rfb1 Bxg2 20. Kxg2 cxd4 21. exd4 Ra6 22. Nf3 Nc7 23. Bb4 Bxb4 24. Rxb4 Rda8 25. Rb2 Nd5 26. Ne1 Ra4 27. Nc2 b5 28. Kf3 b4 29. Rb3 Rc8 30. Rb2 Rc3+ 31. Ke2 b3 32. Ne3 Nb4 33. Kd2 Nxa2 34. Rab1 Rxd4+ 35. Ke2 Rc1 36. Rxc1 Nxc1+ 37. Kf3 Rb4 38. Nd1 Nd3 39. Rb1 Ne5+ 40. Ke2 g5 41. Ne3 b5 42. Kd2 Nc4+ 43. Kc3 Ra4 44. Rxb3 Nxe3 45. fxe3 Ra2 46. h4 Rg2 47. hxg5 Rxg3 48. Rxb5 Rxg5 0-1

[Event "Amsterdam Science Park op-A 3rd"]
[Site "Amsterdam"]
[Date "2013.07.14"]
[Round "9"]
[White "Schipper, Paul"]
[Black "Doggers, Peter"]
[Result "1-0"]
[WhiteElo "2103"]
[BlackElo "2227"]
[PlyCount "75"]
[EventDate "2013.07.06"]
[EventType "swiss"]
[EventRounds "9"]
[EventCountry "NED"]
[SourceTitle "CBM 155 Extra"]
[Source "ChessBase"]
[SourceDate "2013.08.26"]
[SourceVersion "1"]
[SourceVersionDate "2013.08.26"]
[SourceQuality "1"]

1. c4 Nf6 2. g3 g6 3. Bg2 Bg7 4. Nc3 0-0 5. e4 d6 6. Nge2 c5 7. 0-0 Nc6 8. d3 Rb8 9. h3 a6 10. a4 Ne8 11. Be3 Nc7 12. d4 b6 13. Qd2 cxd4 14. Nxd4 Bd7 15. Rad1 Ne6 16. Nxe6 Bxe6 17. b3 Re8 18. f4 Bd7 19. Kh2 Na5 20. Rb1 b5 21. axb5 axb5 22. c5 Rc8 23. Rfd1 dxc5 24. e5 Bf5 25. Ne4 Qxd2 26. Bxd2 b4 27. Be3 f6 28. g4 Bxe4 29. Bxe4 fxe5 30. f5 gxf5 31. gxf5 Nc6 32. Bxc5 Bh6 33. Rd7 Kf7 34. Bf2 Bf4+ 35. Kh1 Kf6 36. Rg1 Rg8 37. Rxg8 Rxg8 38. Bxc6 1-0